[Event "HUN-ch 55th"]
[Site "Kazincbarcika"]
[Date "2005.05.14"]
[Round "5"]
[White "Erdos, Viktor"]
[Black "Portisch, Lajos"]
[Result "1/2-1/2"]
[WhiteElo "2480"]
[BlackElo "2525"]
[Annotator "Golod,V"]
[PlyCount "69"]
[EventDate "2005.05.10"]
[EventType "tourn"]
[EventRounds "9"]
[EventCountry "HUN"]
[EventCategory "12"]
[SourceTitle "CBM 107"]
[Source "ChessBase"]
[SourceDate "2005.08.01"]
[SourceVersion "1"]
[SourceVersionDate "2005.08.01"]
[SourceQuality "1"]

1. d4 Nf6 2. c4 e6 3. Nc3 Bb4 4. Qc2 c5 5. dxc5 Bxc5 6. Bf4 Nh5 7. Bg3 {
According to my database, this is only the fifth game in this position.} ({
In my opinion, slightly better is:} 7. Bd2 $5 {For further information, you
can see my comments to Ionov,S-Yemelin,V/City-ch 2000/CBM 077(1-0)(66)}) 7...
Qa5 $5 $146 {Before this, the following moves were played:} (7... Nxg3 $5 8.
hxg3 h6 9. Nf3 Nc6 10. Rd1 b6 11. e3 Bb7 12. g4 Be7 13. Be2 a6 14. Kf1 Rc8 15.
g5 Nb4 16. Qb3 Qc7 17. gxh6 Rxh6 18. Rxh6 gxh6 19. Kg1 Bxf3 {1/2-1/2 Ivanov,
S-Makarov,M/Maikop,1998(19)}) (7... Nc6 $5 8. e3 Qa5 9. a3 Be7 10. Be2 Nxg3 11.
hxg3 Bf6 12. Rc1 g6 13. Nf3 d6 14. Qd2 Ke7 15. g4 b6 16. g5 Bg7 17. Nd4 Nxd4
18. exd4 Bb7 19. b4 Qxa3 20. Rh3 Qxc1+ 21. Qxc1 Bxd4 22. Nb5 $18 {Adianto,
U-Sokolov,A/Tilburg,1994(1-0)(46)}) (7... Be7 $6) ({and} 7... O-O $5) 8. e3 Bb4
{With the idea to take twice on c3.} 9. Nge2 Nc6 10. O-O-O a6 (10... Nxg3 $143
11. hxg3 h6 12. a3 Be7 13. Nf4 $14) 11. a3 Be7 (11... Nxg3 $6 12. hxg3 Bf8 (
12... Bxc3 13. Nxc3 $32) (12... Be7 $2 13. Rxh7 Rxh7 14. Qxh7 $16) 13. Rxh7
Rxh7 14. Qxh7 $14) 12. Bd6 {A typical plan for this kind of position: White
exchanges the black-squared bishops and plays against the bad bishop on c8.
The only defect of White's position is his weak king. It gives chances for
Black to organize a counterplay.} Bxd6 13. Rxd6 Nf6 {The knight goes back, to
his "natural" place.} 14. Ng3 O-O $11 {A logical move. First of all, guarantee
security of the king.} (14... b5 $2 15. cxb5 axb5 16. Bxb5 Bb7 17. Nge4 Nxe4
18. Qxe4 $16) 15. Nge4 (15. Bd3 $143 Qc7 16. Rd1 Ne5 17. Kb1 Nxc4 18. Bxc4 Qxc4
19. Na4 Qxc2+ 20. Kxc2 Ne8 21. R6d2 d5 22. Nb6 Rb8 23. e4 Nf6 24. exd5 exd5 25.
Nxd5 Nxd5 26. Rxd5 Be6 $11) 15... Nxe4 {Another continuation was:} (15... Ne8
$5 16. Rd1 f5 17. Nd6 (17. Nd2 Qc7 {/\b5}) 17... Nxd6 18. Rxd6 Rb8 {[%cal
Gb7b5]}) 16. Qxe4 f5 $1 17. Qc2 Rb8 {[%cal Gb7b5] Black prepares for the
attack.} 18. Qa4 Qc7 ({Leads to equality:} 18... Qe5 19. Rd2 f4 20. exf4 Qxf4 (
20... Qe1+ $2 21. Qd1 Qxd1+ 22. Kxd1 Rxf4 23. g3 Rf7 24. Ne4 {+/=/+/-}) 21. g3
Qf3 22. Rg1 Qh5 23. f4 Qc5 $11) 19. Rd2 b6 20. Be2 Bb7 {Both sides finally
finished the development of their pieces.} 21. f4 (21. Rhd1 Rbd8 22. f4 {
deserved attention with a complicated game.}) 21... d6 $6 {Too passive. After
this move White has time in order to coordinate his pieces. Black missed the
opportunity to open the game:} (21... b5 $1 22. cxb5 axb5 23. Nxb5 (23. Bxb5 d5
) (23. Qxb5 d5 24. Qc5 Rfc8 $15) 23... Qb6 $36) 22. Rhd1 Rbd8 23. Kb1 Ne7 24.
Bf3 $14 Nc8 {Black doesn't see a reason to immediately exchange bishops in
light of the next continuation:} (24... Bxf3 25. gxf3 Ng6 (25... Qc5 26. Rd3)
26. Ne2 Qb7 27. Nd4 Rde8 (27... Rfe8 28. Nc6 $18) 28. Qc6 Qxc6 29. Nxc6 d5 30.
cxd5 exd5 31. Rd3 $14) 25. Bxb7 Qxb7 26. g3 {White prepares Rd4 and e4 in
order to open one more file for his rooks. Black doesn't have any good option
for counterplay.} Rf7 27. Rd4 h6 28. e4 fxe4 29. Rxe4 Re7 (29... Rf6 $143 30.
Rde1 Kf7 31. g4 $16 {[%csl Rf6]}) 30. Rde1 Kf7 (30... Rde8 31. g4 $36) 31. Qd1
Qd7 32. Qh5+ {33.g4 with the idea 34.g5 looks also good.} (32. g4 $5 b5 (32...
Kf8 $143 33. g5 d5 34. Rd4 hxg5 35. fxg5 $40) (32... d5 $143 33. Rd4 Qc6 34.
Re5 {[%csl Rd5,Rd8]}) 33. cxb5 axb5 34. g5 $16) 32... Kf8 $16 33. Qg4 $6 ({
The logical continuation of White's previous move was:} 33. Qg6 d5 $140 34. Rd4
Nd6 35. cxd5 Nf5 36. Rd3 exd5 37. Re5 Rxe5 38. fxe5 {[%csl Rb6,Rd5] +/-/+-})
33... d5 34. Rd4 $2 {Why doesn't he take the pawn?} (34. Rxe6 Rxe6 (34... dxc4
$143 35. Rd1 Qe8 36. Qf5+ Kg8 37. Rxd8 Qxd8 38. Rxe7 Nxe7 39. Qe6+ Kh8 40. Qxc4
{+/-/+-}) 35. Qxe6 Qxe6 36. Rxe6 dxc4 37. Rc6 $16) 34... b5 35. cxd5 $6 {
The opponents agreed to a draw after this move. But I think, that in this
position White has options for continuation of the fight:} (35. c5 $142 Na7 36.
f5 exf5 37. Rxe7 fxg4 38. Rxd7 Rxd7 39. Rxd5 $14) (35. cxd5 $6 exd5 36. Qd1
Rxe1 37. Qxe1 Ne7 $11) 1/2-1/2

[Event "FRA-ch"]
[Site "Meribel"]
[Date "1998.08.14"]
[Round "1"]
[White "Vaisser, Anatoli"]
[Black "Fressinet, Laurent"]
[Result "1-0"]
[WhiteElo "2575"]
[BlackElo "2455"]
[Annotator "Golod,V"]
[PlyCount "79"]
[EventDate "1998.08.14"]
[EventType "tourn"]
[EventRounds "15"]
[EventCountry "FRA"]
[EventCategory "10"]
[SourceTitle "CBM 067"]
[Source "ChessBase"]
[SourceDate "1998.11.30"]
[SourceVersion "2"]
[SourceVersionDate "1998.11.01"]
[SourceQuality "1"]

{[%mdl 9336]} 1. d4 Nf6 2. c4 e6 3. Nc3 Bb4 4. Qc2 c5 5. dxc5 Na6 $5 ({Black
has several options:} 5... O-O $5) (5... Bxc5 $5) (5... Nc6 $5) 6. a3 Bxc3+ 7.
Qxc3 Nxc5 8. f3 $5 ({Another line is:} 8. b4 $5) 8... d5 $5 (8... a5 $5 {
-is the main line}) 9. cxd5 b6 (9... Qxd5 $2 10. e4 $16 {Rubinstein-Johner,
Karlovy Vary,1929}) 10. b4 ({Worse:} 10. Bg5 exd5 11. Rd1 O-O $5 (11... Bd7 $5
12. Bxf6 gxf6 13. Rxd5 Rc8 $44) 12. Bxf6 gxf6 13. b4 Ne6 14. Qc6 Bd7 $13 {
0-1 Lamprecht,F-Lugovoi,A/Hamburg 1997/EXT 97 (28)}) (10. dxe6 $6 Bxe6 11. Bg5
Rc8 12. Rd1 Qe7 $13) 10... Na4 11. Qb3 $5 ({Another line is:} 11. Qc2 $5 b5 (
11... Bd7 $5 12. dxe6 fxe6 13. Bb2 Rc8 14. Qb3 Nxb2 15. Qxb2 Ba4 $44 {0-1
Medancic,R-Verat,L/Candas op (07)/1996 (45)}) 12. e4 a6 13. Bd3 $5 $146 (13.
Be3 exd5 $6 (13... O-O $5) 14. e5 O-O 15. Bd4 Re8 16. Bd3 $14 {1-0 Shabalov,
A-Moskow,E/New York MCC (08)/1992 (29)}) 13... Bb7 14. Qf2 exd5 15. e5 Qe7 16.
Qd4 Nd7 17. f4 f6 18. Nf3 O-O 19. O-O $14 {1-0 Bacrot,E-Degraeve,J/ch-FRA,
Meribel FRA 1998 (33)}) 11... b5 12. e4 {[%csl Rb5][%cal Gf1b5]} a6 {Is the
best move} (12... Qb6 $2 13. Be3 $16) 13. Ne2 $5 (13. Bd3 $5 {See comments to
Beliavsky,A-Short,N/Madrid,1997(cbm59),1-0(38)Ftacnik}) ({Dubious:} 13. Bg5 $6
{because of:} h6 14. Bh4 exd5 15. Rd1 O-O 16. Rxd5 Qb6 17. Bxf6 Qxf6 $44 {
[Ftacnik]}) (13. dxe6 $6 Bxe6 14. Qe3 Rc8 15. Bd2 O-O 16. Ne2 Qd7 17. Nf4 Rfd8
$40 {0-1 Rossi,G-Schlamp,R/Biel op (04)/1996 (25)}) 13... O-O (13... exd5 $143
14. e5 Nd7 15. f4 O-O 16. Be3 $14) 14. Bg5 (14. Be3 $5 exd5 15. e5 d4 16. Nxd4
Re8 17. Rd1 Nd5 18. Nc6 Qc7 19. Qxd5 Bb7 20. Qd6 $14 {Rychagov,A-Lugovoi,A/St.
Petersburg/1996/}) 14... h6 15. Bh4 exd5 (15... Re8 $5 {Ftacnik} 16. Rd1 exd5
17. Rxd5 Qb6 18. Bf2 Qb7 19. Rd2 Be6 $44) 16. e5 Re8 $5 (16... g5 $143 {Ftacnik
} 17. Bf2 Nd7 18. Qxd5 Nab6 19. Qe4 Qe7 20. Rd1 $16) 17. f4 $1 g5 18. Bf2 {
[%cal Gf2d4]} (18. fxg5 $2 Ne4 $36 {[%csl Rh4]}) 18... Ne4 19. Bd4 $14 Nb6 $5
$146 {/\Nc4(><d2)} (19... Be6 20. Qf3 $1 $14 {Miles,A-De Firmian,N/Manila(izt),
1990,1-0 (37)}) (19... Bg4 $5 {Ftacnik} 20. Qe3 gxf4 21. Qxf4 Qg5 22. g3 $14)
20. g3 $6 {White's plan:/\Bg2,0-0} (20. h4 $1 {:This move is very strong.After
it white has strong initiative on the king side}) 20... Nc4 21. Bg2 Bf5 (21...
Bg4 $6 22. Qd3 {[%csl Gd3,Ye2][%cal Gd3e2] /\0-0}) ({Can be recommended:} 21...
gxf4) 22. O-O (22. Rc1 $5) 22... Ned2 (22... Ncd2 $6 {(><e3)} 23. Qe3 Nxf1 24.
Rxf1 $36) 23. Qc3 Nxf1 24. Rxf1 $44 g4 $6 (24... Be4 $5 25. Bh3 a5 $132) 25.
Bc5 $1 {[%csl Yd4][%cal Ge2d4]} Be4 26. Nd4 Bxg2 27. Kxg2 {White has play on
the king side and the centre} Qd7 28. Qd3 $6 (28. Rh1 $5 {/\h3;<->h}) 28... a5
$5 {[%cal Ga8a6,Ga6h6]} 29. Re1 {[%csl Ye1,Re5] (><e5)} axb4 30. Bxb4 Ra6 31.
h3 $5 (31. e6 $2 Raxe6 (31... fxe6 $2 32. Qg6+ Kh8 $13) 32. Nxe6 Rxe6 $17)
31... gxh3+ 32. Kh2 Rg6 $6 (32... Kh8 $5 $15) 33. f5 $1 Rg4 (33... Ra6 $5) (
33... Nxe5 $4 34. Rxe5 Rxe5 35. fxg6 $16) 34. e6 $36 fxe6 $2 (34... Qb7 $5 {
[%cal Gg4e4]} 35. Kxh3 $140 Re4) 35. fxe6 Qh7 $2 ({Can be recommended:} 35...
Qa7 $13) 36. Qxh7+ Kxh7 37. Nxb5 Rgg8 $2 (37... Rc8 $142 {[%csl Rc7][%cal
Gc8c7]} 38. e7 Rgg8 39. Kxh3 {+/=/+/-}) 38. Nc7 Kg6 $2 (38... Rc8 $142 39. Nxd5
Rg5 $8 $16) 39. Nxd5 $1 $18 Rg7 40. e7 {[%cal Gd5c7]} 1-0

[Event "EU-chT (Men) 15th"]
[Site "Gothenburg"]
[Date "2005.08.06"]
[Round "8.3"]
[White "Jacimovic, Dragoljub"]
[Black "Gormally, Daniel"]
[Result "0-1"]
[WhiteElo "2438"]
[BlackElo "2557"]
[Annotator "Golod,V"]
[PlyCount "56"]
[EventDate "2005.07.30"]
[EventType "team-swiss"]
[EventRounds "9"]
[EventCountry "SWE"]
[SourceTitle "CBM 109"]
[Source "ChessBase"]
[SourceDate "2005.11.14"]
[SourceVersion "1"]
[SourceVersionDate "2005.11.14"]
[SourceQuality "1"]
[WhiteTeam "Macedonia"]
[BlackTeam "England"]
[WhiteTeamCountry "MKD"]
[BlackTeamCountry "ENG"]

1. d4 Nf6 2. c4 e6 3. Nc3 Bb4 4. Qc2 c5 5. dxc5 Na6 6. a3 Qa5 {From my point
of view, this idea brings Black hardly an equal game.} 7. Bd2 Nxc5 8. Rd1 $5 {
The d-file is the best one for White's rook, because the rook put pressure on
Black's pawn after d7-d6 or d7-d5, e.g.. Besides this move, White has a couple
of options in this position: 8.0-0-0!?; 8.e3!?; 8.f3!?; 8.Rb1 and 8.Rc1.} Bxc3
9. Bxc3 Qa4 10. Qxa4 Nxa4 11. Bd4 {+/=/+/- The game progressed from the
opening directly to the ending, in which white's advantage is clear thanks to
the bishop's pair.} ({Another popular line is:} 11. Be5 $5) 11... b6 12. b3 $5
{Previously was tested also: 12.e3; 12.Nf3 and 12.f3 /\e4.} Nc5 13. b4 Na4 (
13... Nb7 $143 14. g3 Nd8 15. Bg2 Bb7 16. Nf3 Rc8 17. Rc1 d6 18. O-O e5 19. Bb2
Bxf3 20. Bxf3 Ne6 21. Rfd1 $14 {Stohl,I-Damjanovic,M/Stary Smokovec,1988(1/2-1/
2)(41)}) 14. e3 {An alternative was 14.f3. For example:} (14. f3 $5 Ba6 (14...
Ke7 $5 15. e4 d6 16. e5 dxe5 17. Bxe5 $36) 15. e4 d6 16. Bd3 Rc8 17. Bc2 Bb5
18. Bb3 Bd7 19. e5 dxe5 20. Bxe5 b5 21. c5 $16 {Ivkov,B-Damjanovic,M/Palma de
Mallorca,1967(1-0)(58)}) ({Once was checked:} 14. Nf3 $6) 14... Ke7 (14... Ba6
$2 15. Bd3 Rc8 16. Bc2 b5 17. c5 Bb7 18. f3 $16 {Zimmerman,Y-Ganaus,H/Budapest,
1999(1-0)(41)}) 15. Bd3 ({Also possible is:} 15. Be5 $5 Ne8 16. Bd3 d6 17. Ba1
Bd7 18. Nf3 Rc8 19. O-O a6 20. Rd2 Nf6 21. Nd4 Rc7 22. Rfd1 {with a stable
advantage for White. For further information you can see Jakobsen,L-Petersen,S/
Denmark,1998(1-0)(41)}) 15... d6 16. Nf3 $146 {Only this move is a novelty.} ({
Previously was checked:} 16. Ne2 $5 Bd7 17. f3 Rhc8 18. Kf2 Rc7 19. Rd2 Rac8
20. Rhd1 $14 {Lombard,A-Andersen,B/Gstaad,1973(0-1)(40)}) (16. f4 $5 {could be
recommended:} Bb7 17. Nf3 Rhc8 18. O-O $14 {[%csl Ra4]}) 16... Bd7 {Black has
finished his development and connected his rooks.} (16... a5 $5 {deserves
attention:}) ({or} 16... e5 17. Ba1 a5 (17... e4 $4 18. Bxf6+ Kxf6 19. Bxe4 $18
) 18. Nd2 $14) 17. Nd2 Rhc8 18. O-O b5 (18... e5 $143 19. Ba1 $16 {[%csl Rd6,
Re5][%cal Gf2f4]}) 19. Rc1 $6 {It is important for White to save the square d4
for his bishop and to prevent the advance e6-e5.} (19. f4 $5) ({Another good
option was:} 19. cxb5 e5 20. Ba1 Nc3 21. Rc1 Nxb5 22. a4 Nc7 23. f4 $1 $14)
19... bxc4 20. Bxc4 $6 (20. Nxc4 $142 e5 21. Ba1 $14) 20... a5 $11 {Black
tries get rid of his weak a-pawn by this move.} 21. Bd3 $2 (21. b5 $5 e5 22.
Ba1 Nb6 23. Bd3 Nfd5 $11) 21... axb4 22. axb4 Rcb8 $15 (22... e5 $5 23. Ba1 Nd5
24. Rxc8 (24. Be4 Nab6 $15) 24... Rxc8 25. b5 Nac3 $15) 23. Rb1 ({After:} 23.
Bxf6+ $5 Kxf6 (23... gxf6 $143 24. Rb1 Nc3 25. Rb3 Nd5 26. b5 $11) 24. Rc7 Ke7
25. Rb1 Nb6 $15 {Black also keeps a small advantage.}) 23... Bb5 (23... e5 $142
24. Ba1 Bb5 25. Bxb5 Rxb5 $15) 24. Nc4 $4 {A tactical blunder - White loses a
piece.} ({After:} 24. Bxb5 Rxb5 25. Bxf6+ Kxf6 26. Rb3 Rab8 27. Rfb1 d5 $15 {
White could have continued to fight for a draw.}) {[%tqu "En","White's
previous move was a deciding blunder. Can you find why?","","","e6e5","",10]}
24... e5 {[%csl Rc4,Rd3,Rd4]} 25. Ba1 $140 (25. Bxe5 dxe5 26. Nxe5 Nc3 $19 {
[%csl Rb4]}) 25... e4 $19 26. Bxf6+ (26. Be2 $143 d5 {ץe2}) 26... Kxf6 27.
Bxe4 (27. Be2 $143 d5 {ץe2}) 27... Bxc4 28. Bxa8 Bxf1 {Further resistence is
senseless.} 0-1

[Event "Penta Media GM"]
[Site "Kelamabakkam"]
[Date "2000.08.20"]
[Round "7"]
[White "Sasikiran, Krishnan"]
[Black "Vladimirov, Yevgeniy"]
[Result "1/2-1/2"]
[WhiteElo "2573"]
[BlackElo "2598"]
[Annotator "Golod,V"]
[PlyCount "82"]
[EventDate "2000.08.14"]
[EventType "tourn"]
[EventRounds "12"]
[EventCountry "IND"]
[EventCategory "11"]
[SourceTitle "CBM 079"]
[Source "ChessBase"]
[SourceDate "2000.11.21"]
[SourceVersion "1"]
[SourceVersionDate "2000.11.21"]
[SourceQuality "1"]

1. d4 Nf6 2. c4 e6 3. Nc3 Bb4 4. Qc2 c5 5. dxc5 Nc6 6. Nf3 Bxc5 7. Bg5 {
Other possibilities are:} (7. Bf4) (7. a3) ({and} 7. e3) 7... Nd4 $5 {[%mdl 4]
Besides this move,black has four alternatives: 7...h6!?; 7...Qa5; 7...0-0 and}
(7... Be7 {See comments to Dao Thien Hai-Liang Shuai/Qingdao,1999/CBM 74(1-0)
(Golod,V) (32)}) 8. Nxd4 Bxd4 9. e3 $5 ({Also can be recommended in this
position:} 9. Nb5 $5 Bc5 (9... Be5 $6 10. O-O-O $36 {See comments to Euwe,
M-Kramer,H/ Amsterdam,1950(1-0)(Ftacnik,L)(23)}) 10. O-O-O (10. Bf4 Bb4+ 11.
Bd2 (11. Kd1 $6 O-O 12. Nc7 (12. a3 $143 Ba5 13. b4 a6 $15) 12... e5 $1 13.
Bxe5 d6 14. Bxf6 Qxc7 $44) 11... Bxd2+ $5 {/\ 0-0, d5~~} (11... Be7 12. Bf4
Bb4+ $10)) 10... O-O (10... Qa5 $5) 11. e3 (11. e4 $6 a6 12. Nd6 Qa5 $36) 11...
a6 12. Nd6 (12. Nc3 $143 b5 $15 {|^}) 12... b5 $1 13. Bxf6 $6 (13. Ne4 $1 Be7
14. Bxf6 Bxf6 (14... gxf6 $6 15. c5 {/\ Nd6, Bd3, Kb1+/=}) 15. c5 $1 Bb7 (15...
Be7 $5 16. Nd6 Bxd6 17. Rxd6 Bb7 18. Bd3 $5 $13) 16. Nxf6+ Qxf6 (16... gxf6 17.
Kb1 $5 $13 (17. Bd3 $13)) 17. Rxd7 $13 {Yudasin,L}) 13... Qxf6 14. Ne4 Qe5 15.
Nxc5 Qxc5 $36 {1/2-1/2 Ionov,S-Yudasin,L/Sevilla,1993/Inf 56/(628) (15)}) 9...
Qa5 {[%csl Ga5,Rc3,Re1,Rg5] In my opinion this move much logical,than:} (9...
Bxc3+) (9... Be5) ({or} 9... Bc5) 10. exd4 Qxg5 11. Qd2 $5 ({Repeatedly was
checked in the previous game:} 11. g3 $5) 11... Qxd2+ 12. Kxd2 {+/=/=} b6 $5 ({
Also it deserves attention:} 12... d6 $5 13. Bd3 b6 $6 (13... Bd7 $142 14. Rhe1
(14. f3 $143 O-O 15. Rhc1 e5 16. d5 Rfc8 $11 {Sotnikov,I-Mojzis,J/Pardubice,
1992(0-1)(22)}) 14... O-O-O 15. b4 Kb8 16. a4 g5 17. f3 h5 18. Ne4 Nxe4+ 19.
fxe4 $14 {Bykhovsky,A-Xu Jun/Belgrade,1988(1/2-1/2) (28)}) 14. Rhe1 O-O 15. b4
Ba6 (15... Bb7 $5) 16. a4 $1 $14 {See comments to Georgiev,Ki-Rogers,I/San
Bernardino,1988/Inf 46/758(1-0) (Georgiev,Ki) (35)}) 13. b4 ({In all
probability leads to approximately equal position:} 13. Bd3 Bb7 14. f3 Ke7 (
14... h5 $6 15. h4 O-O-O 16. b4 $14 {Komljenovic,D-Gast,J/Bern,1990(1-0)(34)})
15. Rhc1 Rhc8 16. Nd1 d5 17. c5 bxc5 18. dxc5 a5 $11 {Neurohr,S-Mueller,O/
Germany,1990(1/2-1/2) (40)}) 13... Bb7 (13... Ke7 $5 14. a4 (14. f3 $142 Bb7 {
transfer to 13...Bb7}) 14... d5 15. c5 (15. cxd5 $6 Rd8 $1 $36) 15... bxc5 16.
bxc5 Rb8 17. Rb1 Rxb1 $11 {1/2-1/2 Sokolov,I-Adams,M/Wijk aan Zee,1995 (17)})
14. f3 Ke7 ({Slightly dubious:} 14... d6 {in view of:} 15. a4 {[%cal Ga4a5]} a5
16. bxa5 Rxa5 17. Bd3 Ke7 18. Rhb1 Nd7 19. Be4 Bxe4 20. fxe4 Rha8 21. Kd3 {
+/=/= Glek,I-Yudasin,L/Tilburg,1994 (1/2-1/2)(41)}) 15. Be2 $146 {This novelty
was not played in the next games:} (15. Bd3 $5 Rhc8 (15... g5 $5 {[%csl Gb7,
Rf3,Rg2][%cal Gg5g4]}) 16. a4 a5 (16... d5 $143 17. c5 a5 18. Rab1 {[%csl Rb7]}
bxc5 19. bxc5 Bc6 20. Rb6 Nd7 21. Ra6 $14 {Bern,I-Svedenborg,P/NOR-chT,1994
(1-0) (46)}) 17. Rhb1 Ba6 (17... Bc6 $5) 18. bxa5 bxa5 19. c5 Bxd3 20. Kxd3 $14
{Marin,M-Skembris,S/Kavala,1990(1-0)(53)}) 15... g5 $5 {[%csl Gb7,Rf3,Rg2]
[%cal Gg5g4] Only chance of black for counterplay.} 16. a4 g4 17. fxg4 Rhg8 $1
{[%csl Rg2,Rg4][%mdl 2048]} ({Pretty weakly:} 17... Bxg2 $6 18. Rhg1 $140 Ne4+
19. Nxe4 Bxe4 20. Ke3 $14) 18. d5 ({After:} 18. Bf3 Rab8 19. h3 h5 20. gxh5 (
20. Bxb7 $6 Rxb7 21. gxh5 $140 Rxg2+ $11) 20... Bxf3 21. gxf3 Nxh5 {black has
a good compensation behind pawn.}) 18... Nxg4 19. a5 {/\a6(ץb7,Pa7)} bxa5 20.
Rxa5 Ne5 21. g3 $6 ({White save a positional advantage after original and
strong move:} 21. Rd1 $1 f6 ({Dubious:} 21... Rxg2 $6 {because of:} 22. d6+ {
[%csl Re5]} Kxd6 (22... Kf6 $2 23. Rf1+ Bf3 24. Ke3 $18) 23. Ke3+ {[%csl Re5]}
Ke7 24. Rxe5 Rxh2 25. Ra5 $16) 22. g3 Rgc8 23. c5 $1 Bxd5 (23... exd5 $143 24.
Nb5 {[%cal Gb5d6]}) 24. Nxd5+ exd5 25. Kc3 $14 {[%csl Rd5]} Ke6 $140 $6 26. Bf1
$16 {[%csl Rd5][%cal Gf1g2]}) 21... Rgc8 {[%csl Rc4,Gc8,Rd5,Ge5][%cal Ge5c4]
[%mdl 2048]} 22. c5 ({It deserves attention:} 22. Rb5 $5 Rab8 {[%csl Rc4]} (
22... Ba6 $4 23. d6+ Kf6 (23... Kxd6 24. Ne4+ $18 {[%csl Re5]}) 24. Rf1+ $18 {
[%csl Re5]}) (22... Rc7 $5 23. Rc1 $14) 23. Ra1 {[%csl Ra7][%cal Ga1a7]} a6 24.
Rb6 (24. Rc5 $143 d6 25. Rxc8 Rxc8 26. b5 Nxc4+ (26... axb5 $143 27. Ra7 Rb8
28. cxb5 $14) 27. Bxc4 Rxc4 28. bxa6 Ba8 29. dxe6 fxe6 $13) 24... Nxc4+ (24...
Rxc4 $5 {[%csl Rb6,Rd2]}) 25. Bxc4 Rxc4 26. d6+ Kf6 27. Na4 $44 {[%csl Rb7]
[%cal Ga4c5]}) 22... Bxd5 ({Badly:} 22... exd5 $2 {in view of:} 23. Rha1 Nc6
$140 (23... d4 24. Nb5 Nc6 25. Nxa7 $1 $16) 24. Nxd5+ Ke6 25. Nf4+ $16) 23.
Nxd5+ exd5 24. Rc1 {[%csl Yc1][%cal Yc1c5]} ({From my point of view much
better is:} 24. Re1 $5 {[%csl Re5]} f6 (24... d6 $2 25. Bf3 $1 $16 Ke6 $140 $2
26. cxd6 $18) 25. Kc3 {+/=/=}) 24... Rab8 25. Ra4 Rc7 26. Ke3 Ke6 $5 ({Leads
to absolutely equal position:} 26... Nc6 $5 27. b5 $140 Nd8 28. Kd4 Ne6+ 29.
Kxd5 Rg8 {[%csl Rc5][%cal Gg8g5]} 30. Rg4 Rgc8 31. Rgc4 (31. c6 $2 Rd8 $1 $36 {
[%csl Rd5]}) 31... Rg8 $11) 27. Rca1 d6 ({Weakly:} 27... a5 {because of:} 28.
bxa5 Rb3+ 29. Kf2 Rxc5 30. a6 Rb8 31. Rh4 $14 {[%csl Ga6,Rd5,Rd7,Rf7,Gg3,Gh2,
Rh7]}) 28. Ra6 d4+ $5 ({Black equalizes after:} 28... Rc6 29. Rxc6 Nxc6 30. Ra6
(30. b5 $2 Nb4 $1 {[%csl Ra1,Rc5,Re3][%cal Gb4c2,Gd6c5]} 31. Rc1 dxc5 32. Rxc5
Kd6 $15) 30... Nxb4 31. Rxd6+ Ke5 32. Rd7 d4+ 33. Kd2 $11) 29. Ke4 (29. Kxd4
$143 Rxb4+ 30. Kc3 Re4 $1 (30... Rb6 $2 31. Bc4+ Nxc4 32. cxb6 axb6 33. Kd4 $14
) 31. Rxd6+ Ke7 32. Kd2 Rxc5 33. Raa6 $15 (33. Rda6 $4 Rd5+ 34. Ke1 Nd3+ 35.
Kf1 (35. Kd2 Nf4+ {[%csl Re2]}) 35... Rf5+ 36. Kg1 Rxe2 $19)) 29... f5+ 30. Kf4
Rd7 ({Less safely:} 30... Ng6+ 31. Kg5 Rxb4 32. Rxd6+ Kf7 33. Rda6 Rxc5 34.
Rxa7+ Ne7 35. Bh5+ Kf8 36. Rd7 $132) 31. R1a4 h6 {[%csl Yh6]} 32. g4 $1 {
Leads to equal RR endgame.} fxg4 $140 33. Ke4 {[%csl Rd4]} d3 34. Bxd3 Nxd3 35.
Kxd3 $11 Ke5 36. Rxd6 ({Senselessly:} 36. c6 $6 {in view of:} Rc7 $15) 36...
Rxd6+ 37. cxd6 Rb7 (37... Kxd6 $144 38. Rxa7 Rxb4 39. Ra6+ Ke5 40. Rxh6 $11)
38. Ra6 {[%csl Ra7][%cal Ya6d6,Ga6a7]} Rxb4 39. Rxa7 Rd4+ 40. Ke3 Rxd6 41. Ra5+
Kf6 (41... Kf6 42. Kf4 Rd4+ 43. Kg3 $11 {[%cal Gg3h4]}) 1/2-1/2